THE JUVENILE JUSTICE (CARE AND PROTECTION OF CHILDREN ACT,2015) (Record no. 12018)
[ view plain ]
| 000 -LEADER | |
|---|---|
| fixed length control field | 00284nam a22001097a 4500 |
| 003 - CONTROL NUMBER IDENTIFIER | |
| control field | SGT |
| 082 ## - DEWEY DECIMAL CLASSIFICATION NUMBER | |
| Classification number | 345.5408,BAR |
| 100 ## - MAIN ENTRY--PERSONAL NAME | |
| Personal name | BARE,ACT |
| 245 ## - TITLE STATEMENT | |
| Title | THE JUVENILE JUSTICE (CARE AND PROTECTION OF CHILDREN ACT,2015) |
| 260 ## - PUBLICATION, DISTRIBUTION, ETC. (IMPRINT) | |
| Place of publication, distribution, etc | NEW DELHI |
| Name of publisher, distributor, etc | COMMERCIAL BOOK HOUSE |
| Year of Publication | 2017 |
| 942 ## - ADDED ENTRY ELEMENTS (KOHA) | |
| Source of classification or shelving scheme | Dewey Decimal Classification |
| Koha item type | Books |
| Withdrawn status | Lost status | Source of classification or shelving scheme | Damaged status | Not for loan | Collection code | Home library | Current library | Shelving location | Date acquired | Vendor Name | Cost, normal purchase price | SGTU | Bill Number | Total Checkouts | Full call number | Accession No. (Barcode) | Date last seen | Bill Date | Koha item type | Date last borrowed |
|---|---|---|---|---|---|---|---|---|---|---|---|---|---|---|---|---|---|---|---|---|
| Dewey Decimal Classification | LAW | SGT Science & Social Sciences Library | SGT Science & Social Sciences Library | Text Book | 27/06/2017 | DONATED | 225.00 | SGTU | IN388 | 345.5408,BAR | FLBA174 | 27/06/2017 | 08/05/2017 | Books | ||||||
| Dewey Decimal Classification | LAW | SGT Science & Social Sciences Library | SGT Science & Social Sciences Library | Text Book | 27/06/2017 | DONATED | 225.00 | SGTU | IN388 | 1 | 345.5408,BAR | FLBA175 | 28/09/2018 | 08/05/2017 | Books | 13/09/2018 |